[Event "Tournoi des pays de l'OTAN 2012"]
[Site "BREST (France)"]
[Date "2012.10.04"]
[Round "5.15"]
[White "De Waard, Marco"]
[Black "Sycz, Dariusz"]
[Result "0-1"]
[WhiteElo "2117"]
[BlackElo "1990"]
[PlyCount "85"]
[EventDate "2012.??.??"]

1. d4 Nf6 2. c4 e6 3. Nf3 d5 4. Nc3 Be7 5. cxd5 exd5 6. Bf4 O-O 7. e3 c6 8. Qc2
Nh5 9. Bg3 f5 10. Bd3 g6 11. O-O Nd7 12. Rab1 Ndf6 13. b4 a6 14. a4 Ne4 15. b5
axb5 16. axb5 Ra3 17. Rb3 Qa5 18. Rxa3 Qxa3 19. Nb1 Qa8 20. Ne5 cxb5 21. Bxb5
Qa5 22. Qb3 Rd8 23. Nd3 Nhxg3 24. hxg3 Be6 25. Nf4 Bf7 26. Rc1 g5 27. Ne2 Rd6
28. Qa4 Qxa4 29. Bxa4 Rb6 30. Nbc3 Nd6 31. Rb1 Rxb1+ 32. Nxb1 b5 33. Bb3 Nc4
34. Nec3 b4 35. Nb5 Bd8 36. Kf1 Be8 37. Na7 Bd7 38. Ke1 Bb6 39. Nd2 Bxa7 40.
Nxc4 dxc4 41. Bxc4+ Kf8 42. Kd2 Ke7 43. Kc2 0-1

[Event "Tournoi des pays de l'OTAN 2012"]
[Site "BREST (France)"]
[Date "2012.10.04"]
[Round "5.16"]
[White "Van Den Heuvel, Tonnie"]
[Black "Picart, Laurent"]
[Result "1/2-1/2"]
[WhiteElo "1874"]
[BlackElo "2103"]
[PlyCount "67"]
[EventDate "2012.??.??"]

1. c4 Nf6 2. g3 e6 3. Bg2 d5 4. Nf3 Be7 5. O-O O-O 6. d4 dxc4 7. Qc2 a6 8. a4
Bd7 9. Ne5 Bc6 10. Bxc6 Nxc6 11. Nxc6 bxc6 12. Qxc4 Qd5 13. b3 Rab8 14. Ba3
Bxa3 15. Rxa3 Rfd8 16. Qxa6 Rb6 17. Qc4 Qxc4 18. bxc4 Rxd4 19. Rd3 c5 20. Nd2
g6 21. a5 Rb2 22. Rxd4 cxd4 23. Nf3 c5 24. Ra1 Nd7 25. a6 Rb8 26. a7 Ra8 27.
Ra6 Kf8 28. Ng5 h6 29. Ne4 Ke7 30. Nd6 Nf6 31. Nc8+ Rxc8 32. a8=Q Rxa8 33. Rxa8
Nd7 34. Kf1 1/2-1/2

[Event "Tournoi des pays de l'OTAN 2012"]
[Site "BREST (France)"]
[Date "2012.10.04"]
[Round "5.17"]
[White "Nielsen, Jan Mose"]
[Black "Choate, Paul"]
[Result "1/2-1/2"]
[WhiteElo "2122"]
[BlackElo "2024"]
[PlyCount "95"]
[EventDate "2012.??.??"]

1. e4 c5 2. d4 cxd4 3. c3 d3 4. Bxd3 Nc6 5. Nf3 g6 6. O-O Bg7 7. Qe2 d6 8. Bf4
Bg4 9. Nbd2 Nf6 10. h3 Bd7 11. Rad1 O-O 12. Rfe1 a6 13. Nf1 Qa5 14. Qd2 Rad8
15. a3 Rfe8 16. Ng3 Be6 17. Qc2 Rc8 18. Ng5 Bd7 19. Qb3 e6 20. Be2 h6 21. Nf3
e5 22. Be3 Qc7 23. Bb6 Be6 24. Qxe6 Qxb6 25. Qa2 Red8 26. Nh4 Ne7 27. Bc4 Rf8
28. Rd2 h5 29. Bb3 Bh6 30. Rd3 Kg7 31. Nf3 Bf4 32. Nf1 d5 33. N3d2 dxe4 34.
Nxe4 Nxe4 35. Rxe4 Qc6 36. Rc4 Qf6 37. Rxc8 Nxc8 38. Rd7 b5 39. a4 Nb6 40. Ra7
bxa4 41. Bxa4 Nxa4 42. Qxa4 Qb6 43. Rxa6 Qxb2 44. g3 Bg5 45. h4 Be7 46. Qc6 Qe2
47. Ra4 Rb8 48. Qe4 1/2-1/2

[Event "Tournoi des pays de l'OTAN 2012"]
[Site "BREST (France)"]
[Date "2012.10.04"]
[Round "5.18"]
[White "Koopmeiners, Karl"]
[Black "Tucker, David S"]
[Result "1-0"]
[WhiteElo "2015"]
[BlackElo "2117"]
[PlyCount "49"]
[EventDate "2012.??.??"]

1. d4 Nf6 2. c4 c5 3. d5 b5 4. cxb5 a6 5. bxa6 g6 6. Nc3 Bxa6 7. Nf3 d6 8. g3
Bg7 9. Bg2 O-O 10. Rb1 Nbd7 11. b3 Qa5 12. Bd2 Rfb8 13. O-O Ra7 14. a4 Qc7 15.
Qc2 Nb6 16. Nh4 Qb7 17. b4 cxb4 18. Rxb4 Qc7 19. Rc1 Nfd7 20. Qd1 Qd8 21. Nb5
Rab7 22. Nd4 Qe8 23. Nc6 Ra8 24. Rcb1 Nc5 25. Rxb6 1-0

[Event "Tournoi des pays de l'OTAN 2012"]
[Site "BREST (France)"]
[Date "2012.10.04"]
[Round "5.19"]
[White "Pazeriene, Diana"]
[Black "Franck, Boris"]
[Result "0-1"]
[WhiteElo "2030"]
[BlackElo "2087"]
[PlyCount "112"]
[EventDate "2012.??.??"]

1. d4 g6 2. c4 Bg7 3. Nf3 d6 4. e4 e5 5. Be2 exd4 6. Nxd4 Nc6 7. Be3 Nge7 8.
O-O O-O 9. Nc3 f5 10. exf5 Bxd4 11. Bxd4 Nxf5 12. Be3 Nxe3 13. fxe3 Rxf1+ 14.
Qxf1 Be6 15. Nd5 Bxd5 16. cxd5 Ne5 17. Qf4 Qe7 18. Qd4 a5 19. Re1 Nd7 20. Bg4
Nc5 21. h4 Re8 22. h5 Qe5 23. Qxe5 Rxe5 24. hxg6 hxg6 25. Bf3 Nd3 26. Re2 Nb4
27. e4 Nxa2 28. Rc2 Re7 29. e5 Nb4 30. exd6 Nxc2 31. dxe7 Kf7 32. Be4 Nb4 33.
d6 cxd6 34. e8=Q+ Kxe8 35. Bxg6+ Ke7 36. Kf2 Kf6 37. Bh7 Nc6 38. Ke3 Ke5 39.
Kd3 Kd5 40. Bg8+ Kc5 41. Ke4 Ne7 42. Bf7 b5 43. g4 a4 44. g5 b4 45. Kd3 d5 46.
Kc2 Nf5 47. g6 Kc4 48. Be8 a3 49. bxa3 bxa3 50. Bd7 Nd4+ 51. Kb1 Kb3 52. Ba4+
Kxa4 53. g7 Kb3 54. g8=Q a2+ 55. Kc1 a1=Q+ 56. Kd2 Qc3+ 0-1

[Event "Tournoi des pays de l'OTAN 2012"]
[Site "BREST (France)"]
[Date "2012.10.04"]
[Round "5.20"]
[White "Keough, Robert W"]
[Black "Dilek, Cihan"]
[Result "1/2-1/2"]
[WhiteElo "2076"]
[BlackElo "1867"]
[PlyCount "145"]
[EventDate "2012.??.??"]

1. e4 d5 2. exd5 Qxd5 3. Nc3 Qd6 4. d4 c6 5. Nf3 Nf6 6. Ne5 Bf5 7. g4 Be6 8.
Bf4 Qb4 9. Qd2 Nd5 10. Nxd5 Qxd2+ 11. Kxd2 Bxd5 12. Rg1 Nd7 13. c4 Nxe5 14.
Bxe5 Be6 15. Re1 Bd7 16. Bd6 e6 17. Bxf8 Kxf8 18. f4 Rc8 19. b4 h5 20. g5 g6
21. Rg3 Kg7 22. Ra3 a6 23. Rae3 Rhe8 24. Kc3 f6 25. gxf6+ Kxf6 26. h4 Re7 27.
Bd3 Rf8 28. Rg1 Rg7 29. Re5 Be8 30. Kb3 Rd7 31. Kc3 Rg7 32. c5 Rd7 33. Reg5 Rg7
34. Be2 Rd7 35. Bd3 Rg7 36. Kb3 Bf7 37. Bc4 Rd8 38. Rd1 Bg8 39. Re5 Re7 40. Re2
Bf7 41. Ka4 Red7 42. Red2 Re7 43. Ka5 Rf8 44. Kb6 Kg7 45. Re1 Bg8 46. Rf2 Rd8
47. Rd2 Rf8 48. Re4 Kf6 49. a4 Rd8 50. Rde2 Bf7 51. Ra2 Red7 52. b5 axb5 53.
axb5 cxb5 54. Bxb5 Rxd4 55. Rxd4 Rxd4 56. Kxb7 Rb4 57. Ka6 e5 58. fxe5+ Kxe5
59. Re2+ Kf5 60. c6 Bc4 61. Bxc4 Rxc4 62. Kb7 Rxh4 63. Rc2 Re4 64. c7 Re7 65.
Kc6 Rxc7+ 66. Kxc7 h4 67. Kd6 h3 68. Rf2+ Kg4 69. Ke5 Kg3 70. Rf6 h2 71. Rxg6+
Kf2 72. Rh6 Kg2 73. Rxh2+ 1/2-1/2

[Event "Tournoi des pays de l'OTAN 2012"]
[Site "BREST (France)"]
[Date "2012.10.04"]
[Round "5.21"]
[White "Nyberg, Darwin"]
[Black "Zengin, Sedat"]
[Result "1-0"]
[WhiteElo "1971"]
[BlackElo "2056"]
[PlyCount "63"]
[EventDate "2012.??.??"]

1. e4 d6 2. d4 Nf6 3. Nc3 g6 4. Be2 Bg7 5. h4 h5 6. Nf3 a6 7. Bg5 b5 8. a4 b4
9. Bxf6 Bxf6 10. Nd5 a5 11. Nxf6+ exf6 12. Qd2 Qe7 13. Qf4 Bb7 14. Bb5+ Kf8 15.
O-O-O Kg7 16. Rhe1 Qe6 17. e5 Rd8 18. d5 Qf5 19. Qxf5 gxf5 20. e6 fxe6 21. Rxe6
Kf7 22. Rde1 Bxd5 23. Re7+ Kg6 24. Nd4 c5 25. Ne2 Bc6 26. Nf4+ Kh6 27. R1e6 Rf8
28. Rxd6 Bxb5 29. axb5 a4 30. Ne6 Nc6 31. bxc6 Rg8 32. Ng5 1-0

[Event "Tournoi des pays de l'OTAN 2012"]
[Site "BREST (France)"]
[Date "2012.10.04"]
[Round "5.22"]
[White "Maes, Patrick"]
[Black "Engelen, Johan"]
[Result "0-1"]
[WhiteElo "2042"]
[BlackElo "1953"]
[PlyCount "68"]
[EventDate "2012.??.??"]

1. e4 d5 2. exd5 Qxd5 3. Nc3 Qa5 4. Nf3 Nf6 5. Bc4 c6 6. O-O Bg4 7. h3 Bh5 8.
d4 e6 9. Re1 Nbd7 10. a3 Qc7 11. b4 Bd6 12. g4 Bg6 13. d5 Ne5 14. dxe6 Nxc4 15.
Qe2 b5 16. g5 Nd5 17. exf7+ Kf8 18. Nxd5 cxd5 19. Nd4 Bxf7 20. Qf3 Kg8 21. Nxb5
Qd7 22. Nc3 Be5 23. Bf4 Bxf4 24. Qxf4 Rf8 25. Red1 Nb6 26. Qd4 h6 27. g6 Bxg6
28. Rd2 Kh7 29. a4 Qxh3 30. a5 Nc4 31. Re2 Rf5 32. f4 Qg3+ 33. Rg2 Qe3+ 34.
Qxe3 Nxe3 0-1

[Event "Tournoi des pays de l'OTAN 2012"]
[Site "BREST (France)"]
[Date "2012.10.04"]
[Round "5.23"]
[White "Bublys, Vaidotas"]
[Black "Nielsen, Henrik"]
[Result "0-1"]
[WhiteElo "1930"]
[BlackElo "2037"]
[PlyCount "52"]
[EventDate "2012.??.??"]

1. d4 Nf6 2. Nf3 g6 3. c4 d5 4. Bf4 Bg7 5. Nc3 c5 6. e3 O-O 7. Be2 Qa5 8. O-O
dxc4 9. Bxc4 cxd4 10. exd4 Nc6 11. Re1 Bg4 12. Qd3 Bxf3 13. gxf3 Rad8 14. Be3
Qh5 15. Kg2 Rd7 16. Ne2 Ne5 17. Qc3 Qxf3+ 18. Kg1 Qg4+ 19. Ng3 Nf3+ 20. Kg2
Nxe1+ 21. Rxe1 Ne4 22. Qc2 Nxg3 23. f3 Qf5 24. Bd3 Qa5 25. Bd2 Qd5 26. hxg3
Qxd4 0-1

[Event "Tournoi des pays de l'OTAN 2012"]
[Site "BREST (France)"]
[Date "2012.10.04"]
[Round "5.24"]
[White "Oltean, Gusztav"]
[Black "Adolfssen, Rico"]
[Result "0-1"]
[WhiteElo "2081"]
[BlackElo "1876"]
[PlyCount "101"]
[EventDate "2012.??.??"]

1. c4 c6 2. Nf3 d5 3. b3 Bf5 4. Bb2 e6 5. g3 Nf6 6. Bg2 Nbd7 7. O-O Be7 8. d3
Qc7 9. Nbd2 O-O 10. Qc2 Rfe8 11. Rad1 Bf8 12. Rfe1 Rad8 13. Nh4 Bg4 14. h3 Bh5
15. g4 Bg6 16. Nxg6 hxg6 17. e4 Bb4 18. e5 Bxd2 19. Rxd2 Nh7 20. cxd5 exd5 21.
Rde2 Ndf8 22. f4 Ne6 23. Qd2 g5 24. fxg5 Nhxg5 25. h4 Nh7 26. g5 Qe7 27. Rf1
Nhf8 28. Ref2 Rd7 29. Qe2 Ng6 30. Qg4 Nc5 31. Rxf7 Qxf7 32. Rxf7 Rxf7 33. e6
Rxe6 34. h5 Nf4 35. h6 gxh6 36. Qh4 Nxg2 37. Qd4 Re1+ 38. Kh2 Rfe7 39. Qh8+ Kf7
40. Qxh6 Nf4 41. Bf6 R7e2+ 42. Kg3 Rg2+ 43. Kf3 Rf1+ 44. Ke3 Rg3+ 45. Kd4 Nce6+
46. Kc3 Rxd3+ 47. Kb4 Rh3 48. g6+ Kxf6 49. g7+ Rxh6 50. g8=Q c5+ 51. Ka4 0-1

[Event "Tournoi des pays de l'OTAN 2012"]
[Site "BREST (France)"]
[Date "2012.10.04"]
[Round "5.25"]
[White "Soulie, Cedric"]
[Black "Baxted, Peter"]
[Result "1-0"]
[WhiteElo "2073"]
[BlackElo "2003"]
[PlyCount "39"]
[EventDate "2012.??.??"]

1. g4 d5 2. Bg2 Bxg4 3. c4 c6 4. cxd5 cxd5 5. Qb3 Qd7 6. Bxd5 Be6 7. Bxe6 fxe6
8. Nc3 Nf6 9. Nf3 Nc6 10. d3 h6 11. Bd2 e5 12. Qa4 Nd4 13. Qxd7+ Kxd7 14. Nxe5+
Ke6 15. Ng6 Rg8 16. Rc1 Nc6 17. Nb5 Kf7 18. Rg1 a6 19. Nc7 Rc8 20. Rxc6 1-0

[Event "Tournoi des pays de l'OTAN 2012"]
[Site "BREST (France)"]
[Date "2012.10.04"]
[Round "5.26"]
[White "Mottais, Francois"]
[Black "Maciokas, Kostas"]
[Result "1-0"]
[WhiteElo "2051"]
[BlackElo "2064"]
[PlyCount "63"]
[EventDate "2012.??.??"]

1. d4 d5 2. c4 e6 3. Nc3 Nf6 4. Nf3 c6 5. Bg5 Nbd7 6. cxd5 exd5 7. e3 Bb4 8.
Bd3 Qa5 9. Qc2 O-O 10. O-O h6 11. Bxf6 Nxf6 12. h3 Re8 13. Ne5 c5 14. a3 Bxc3
15. bxc3 c4 16. Be2 b5 17. Bf3 Bb7 18. a4 bxa4 19. Rxa4 Qc7 20. Rb1 Bc6 21.
Rab4 Re6 22. Qa2 a5 23. Rb6 Nd7 24. Nxd7 Qxd7 25. Bg4 Ba4 26. Bxe6 fxe6 27.
Rb8+ Rxb8 28. Rxb8+ Kf7 29. Qa3 Kg6 30. Ra8 Qb5 31. Qe7 Bb3 32. Qxe6+ 1-0

[Event "Tournoi des pays de l'OTAN 2012"]
[Site "BREST (France)"]
[Date "2012.10.04"]
[Round "5.27"]
[White "Hansen, Stefan"]
[Black "Musselman, Charles"]
[Result "1-0"]
[WhiteElo "2062"]
[BlackElo "1872"]
[PlyCount "31"]
[EventDate "2012.??.??"]

1. d4 Nc6 2. Nf3 d5 3. c4 Bg4 4. Nc3 Bxf3 5. gxf3 dxc4 6. d5 Ne5 7. Qd4 f6 8.
Bh3 c6 9. f4 Ng6 10. Qxc4 Qc7 11. Be6 Nh6 12. Bd2 Nh4 13. O-O-O N4f5 14. Nb5
Qb6 15. dxc6 bxc6 16. Ba5 1-0

[Event "Tournoi des pays de l'OTAN 2012"]
[Site "BREST (France)"]
[Date "2012.10.04"]
[Round "5.28"]
[White "Toll, Alec"]
[Black "Bellemare, Regis"]
[Result "0-1"]
[WhiteElo "2054"]
[BlackElo "1764"]
[PlyCount "146"]
[EventDate "2012.??.??"]

1. d4 Nf6 2. Bg5 e6 3. e4 h6 4. Bxf6 Qxf6 5. Nf3 b6 6. Qd2 Bb7 7. Bd3 Nc6 8. c3
g5 9. Qe2 Qf4 10. g3 Qc1+ 11. Qd1 Qxd1+ 12. Kxd1 O-O-O 13. Nbd2 g4 14. Nh4 f5
15. Re1 fxe4 16. Bxe4 Ne7 17. f4 gxf3 18. Ndxf3 Bxe4 19. Rxe4 Bg7 20. Ke2 Rhf8
21. Re1 Rf6 22. Rg4 Bh8 23. Ne5 Nf5 24. Nxf5 Rxf5 25. Ng6 Bf6 26. h4 Re8 27.
Rf1 Rxf1 28. Kxf1 Kd8 29. Rf4 Be7 30. Rf7 Bd6 31. Kf2 Rg8 32. h5 Ke8 33. Rh7
Bf8 34. Kg2 Bg7 35. g4 Kf7 36. Kg3 Kf6 37. Kf4 Rd8 38. b3 Kf7 39. g5 hxg5+ 40.
Kxg5 Kg8 41. Rxg7+ Kxg7 42. Nf4 Rf8 43. c4 Rf5+ 44. Kg4 Kh6 45. d5 Rg5+ 46. Kf3
e5 47. Nd3 d6 48. b4 Kxh5 49. Nf2 Rg1 50. Ne4 Rf1+ 51. Ke2 Rf4 52. Nd2 Kg4 53.
a3 Kg3 54. Ke3 Rd4 55. Nf1+ Kg2 56. Ke2 Re4+ 57. Ne3+ Kg3 58. Kd3 Kf3 59. Nc2
Re2 60. Kc3 Rxc2+ 61. Kxc2 Ke2 62. c5 b5 63. Kc3 e4 64. Kd4 e3 65. Ke4 Kd2 66.
Kf5 e2 67. Ke6 e1=Q+ 68. Kd7 dxc5 69. bxc5 Qe5 70. d6 cxd6 71. c6 Qc5 72. c7 d5
73. c8=N Qxc8+ 0-1

[Event "Tournoi des pays de l'OTAN 2012"]
[Site "BREST (France)"]
[Date "2012.10.04"]
[Round "5.29"]
[White "Demjen, Attila"]
[Black "Cohnen, Michael"]
[Result "1/2-1/2"]
[WhiteElo "2053"]
[BlackElo "1809"]
[PlyCount "30"]
[EventDate "2012.??.??"]

1. e4 c6 2. d4 d5 3. exd5 cxd5 4. c4 Nf6 5. Nc3 Nc6 6. Nf3 Bg4 7. Be2 e6 8. h3
Bh5 9. g4 Bg6 10. Qb3 Bb4 11. O-O Bxc3 12. bxc3 O-O 13. Ba3 Na5 14. Qb4 Qc7 15.
Qa4 Rfc8 1/2-1/2

[Event "Tournoi des pays de l'OTAN 2012"]
[Site "BREST (France)"]
[Date "2012.10.04"]
[Round "5.30"]
[White "Berrak, Sedat"]
[Black "Parisse, Denis"]
[Result "1-0"]
[WhiteElo "2040"]
[BlackElo "1903"]
[PlyCount "89"]
[EventDate "2012.??.??"]

1. e4 e6 2. d4 d5 3. Nd2 Nf6 4. Bd3 c5 5. e5 Nfd7 6. c3 cxd4 7. cxd4 Nc6 8. Ne2
Qb6 9. Nf3 Be7 10. O-O O-O 11. a3 f6 12. Qc2 fxe5 13. Bxh7+ Kh8 14. dxe5 Ndxe5
15. Nxe5 Nxe5 16. Nf4 Bd7 17. Nd3 Nxd3 18. Bxd3 Bb5 19. Be3 Bxd3 20. Qxd3 Qd6
21. b4 b6 22. f4 Bf6 23. Rad1 Rfd8 24. Rf3 Rac8 25. g4 Kg8 26. g5 Bb2 27. Rh3
Kf7 28. Qe2 Bxa3 29. Qh5+ Ke7 30. f5 Qxb4 31. Bd4 Bb2 32. f6+ Kd6 33. Bxb2 Qxb2
34. f7 Rf8 35. g6 a5 36. Rhd3 Rc2 37. Qf3 Ke7 38. Qg3 a4 39. Qg5+ Qf6 40. Qg3
Qb2 41. Re1 Kd7 42. Qg4 Rg2+ 43. Qxg2 Qxg2+ 44. Kxg2 Kd6 45. Rde3 1-0

[Event "Tournoi des pays de l'OTAN 2012"]
[Site "BREST (France)"]
[Date "2012.10.04"]
[Round "5.31"]
[White "Redman, Michael"]
[Black "Vercauteren, Daniel"]
[Result "1-0"]
[WhiteElo "2016"]
[BlackElo "1642"]
[PlyCount "57"]
[EventDate "2012.??.??"]

1. d4 Nf6 2. c4 e6 3. Nc3 Bb4 4. Bd2 O-O 5. a3 Bxc3 6. Bxc3 d5 7. Nf3 dxc4 8.
e3 Nbd7 9. Bxc4 Nb6 10. Bd3 Bd7 11. Ne5 Nbd5 12. Bd2 Ne7 13. O-O Ng6 14. Nxd7
Qxd7 15. Rc1 Rfc8 16. b4 c6 17. Qe2 Nd5 18. Rc5 Qe7 19. Rfc1 Rc7 20. g3 Rac8
21. e4 Nf6 22. h4 h6 23. h5 Nf8 24. f4 Qd7 25. Be3 N8h7 26. Bb1 b6 27. R5c4 Qe8
28. Kg2 Re7 29. Qc2 1-0

[Event "Tournoi des pays de l'OTAN 2012"]
[Site "BREST (France)"]
[Date "2012.10.04"]
[Round "5.32"]
[White "Patron, Pascal"]
[Black "Geerts, Luc"]
[Result "1/2-1/2"]
[WhiteElo "2015"]
[BlackElo "1596"]
[PlyCount "94"]
[EventDate "2012.??.??"]

1. e4 e5 2. Nf3 Nc6 3. d4 exd4 4. Bc4 Be7 5. c3 d6 6. Qb3 Be6 7. Bxe6 fxe6 8.
cxd4 Na5 9. Qxe6 Qd7 10. Qd5 Nc6 11. Qh5+ g6 12. Qb5 O-O-O 13. Nc3 a6 14. Qa4
Nf6 15. O-O Rhf8 16. Bh6 Rg8 17. h3 Bf8 18. Bg5 Be7 19. Rad1 Nh5 20. Be3 Rdf8
21. d5 Ne5 22. Nxe5 dxe5 23. Qxd7+ Kxd7 24. Ne2 g5 25. Ng3 Nf6 26. f3 h5 27. b3
g4 28. hxg4 hxg4 29. f4 exf4 30. Bxf4 Bc5+ 31. Rf2 Bxf2+ 32. Kxf2 Nxe4+ 33. Ke3
Nxg3 34. Bxg3 Re8+ 35. Kd3 b5 36. Rc1 Rc8 37. Rc6 a5 38. Rc5 c6 39. dxc6+ Rxc6
40. Rxb5 a4 41. b4 Rc1 42. Rb7+ Ke6 43. Rb6+ Kf5 44. Rb5+ Ke6 45. Rb6+ Kf5 46.
Rb5+ Kg6 47. Rb6+ Kf5 1/2-1/2

[Event "Tournoi des pays de l'OTAN 2012"]
[Site "BREST (France)"]
[Date "2012.10.04"]
[Round "5.33"]
[White "De Cat, Ben"]
[Black "Ulusoy, Mustafa"]
[Result "1-0"]
[WhiteElo "1911"]
[BlackElo "1707"]
[PlyCount "51"]
[EventDate "2012.??.??"]

1. Nf3 d5 2. d3 Nf6 3. Bg5 Nbd7 4. Nbd2 h6 5. Bh4 c6 6. e4 dxe4 7. dxe4 Qb6 8.
e5 Ng4 9. e6 fxe6 10. Nc4 Qc5 11. Qd3 Qf5 12. Qc3 e5 13. h3 Ngf6 14. Ne3 Qh7
15. O-O-O e4 16. Nd4 Nb6 17. Bxf6 gxf6 18. Nc4 Nd5 19. Qb3 e6 20. Be2 h5 21. f3
Bh6+ 22. Kb1 e3 23. Nd6+ Kf8 24. Nxc8 Rxc8 25. Nxe6+ Kf7 26. Bd3 1-0

[Event "Tournoi des pays de l'OTAN 2012"]
[Site "BREST (France)"]
[Date "2012.10.04"]
[Round "5.35"]
[White "Bower, Scott"]
[Black "Kocur, Marc"]
[Result "0-1"]
[WhiteElo "1786"]
[BlackElo "1891"]
[PlyCount "76"]
[EventDate "2012.??.??"]

1. Nf3 b5 2. a4 b4 3. c3 e6 4. g3 Nc6 5. Bg2 Rb8 6. O-O Nf6 7. d3 Be7 8. c4 Na5
9. b3 c5 10. Bb2 d6 11. Nbd2 Bb7 12. Qc2 O-O 13. Rad1 Rc8 14. d4 cxd4 15. Bxd4
Nc6 16. Ba1 Qc7 17. Rc1 Qa5 18. e4 Ng4 19. h3 Nge5 20. Nd4 Qc5 21. Ne2 Bf6 22.
Kh2 Nd7 23. Qb1 Bxa1 24. Qxa1 Nce5 25. Qb1 Nf6 26. Rcd1 h5 27. Nf4 h4 28. gxh4
Nh7 29. Nd3 Nxd3 30. Qxd3 f5 31. exf5 Bxg2 32. Kxg2 Rxf5 33. Ne4 Qc6 34. Kg1 d5
35. cxd5 Rxd5 36. Qg3 Rxd1 37. Rxd1 Qxe4 38. Rd7 Rc1+ 0-1

[Event "Tournoi des pays de l'OTAN 2012"]
[Site "BREST (France)"]
[Date "2012.10.04"]
[Round "5.36"]
[White "Dekker, Ard"]
[Black "Ghiacy, Jelani"]
[Result "1-0"]
[WhiteElo "1866"]
[BlackElo "1193"]
[PlyCount "74"]
[EventDate "2012.??.??"]

1. e4 e5 2. Nf3 Nf6 3. Nc3 c5 4. Bc4 h6 5. Nxe5 Qe7 6. Nxf7 Rh7 7. e5 d6 8.
Nxd6+ Kd8 9. O-O Ne8 10. Nxc8 Kxc8 11. Qg4+ Nd7 12. Be6 Nc7 13. Bxd7+ Qxd7 14.
Qxd7+ Kxd7 15. d3 Re8 16. f4 g5 17. fxg5 hxg5 18. Ne4 Be7 19. Bxg5 Bxg5 20.
Nxg5 Rg7 21. Ne4 b6 22. Nf6+ Ke7 23. Nxe8 Kxe8 24. Rf2 Ne6 25. c3 Ng5 26. Kf1
Ke7 27. d4 cxd4 28. cxd4 Ne4 29. Re2 Rf7+ 30. Kg1 Ng5 31. d5 Rg7 32. Rc1 Kd7
33. Re3 a5 34. Rec3 Ke8 35. Rc8+ Kf7 36. R1c7+ Kg6 37. Rxg7+ Kxg7 1-0

[Event "Tournoi des pays de l'OTAN 2012"]
[Site "BREST (France)"]
[Date "2012.10.04"]
[Round "5.37"]
[White "Stuhr, Finn"]
[Black "Giedraitis, Mingaudas"]
[Result "1/2-1/2"]
[WhiteElo "1653"]
[BlackElo "1800"]
[PlyCount "58"]
[EventDate "2012.??.??"]

1. e4 d5 2. exd5 Qxd5 3. Nc3 Qa5 4. d4 Bf5 5. Bd2 c6 6. Nf3 Nf6 7. Bc4 Nbd7 8.
Nd5 Qd8 9. Ne3 Bg6 10. Nh4 e6 11. Nxg6 hxg6 12. Qe2 Nb6 13. Bc3 Nxc4 14. Nxc4
Be7 15. O-O-O Nd5 16. Bd2 Qc7 17. Ne5 O-O 18. g4 c5 19. Nxg6 Rfd8 20. Nxe7+
Nxe7 21. dxc5 Qxc5 22. h4 Qd5 23. Kb1 Qc6 24. f3 Nd5 25. g5 Rdc8 26. Qd3 Qc4
27. Qxc4 Rxc4 28. b3 Nc3+ 29. Bxc3 Rxc3 1/2-1/2

[Event "Tournoi des pays de l'OTAN 2012"]
[Site "BREST (France)"]
[Date "2012.10.04"]
[Round "5.38"]
[White "Echavarria Hidalgo, Fernando"]
[Black "Csizmadia, Csaba"]
[Result "0-1"]
[WhiteElo "1774"]
[BlackElo "1913"]
[PlyCount "85"]
[EventDate "2012.??.??"]

1. c4 Nf6 2. Nc3 e6 3. d4 b6 4. Bg5 Bb7 5. Nf3 Be7 6. e3 d6 7. Bd3 Nbd7 8. O-O
c5 9. Re1 O-O 10. Rb1 Rc8 11. a3 h6 12. Bh4 e5 13. Bxf6 Bxf6 14. d5 g6 15. Nb5
Qe7 16. Nxa7 e4 17. Nxc8 Bxc8 18. Be2 exf3 19. Bxf3 Ba6 20. Be2 Ne5 21. b3 Ra8
22. a4 Bg7 23. f4 Nd7 24. Bf3 Re8 25. Re2 Bc3 26. Qc2 Bb4 27. Kh1 Qf6 28. Rg1
Qc3 29. Qxc3 Bxc3 30. g4 Bc8 31. h4 Nf6 32. Kh2 Ne4 33. Rc1 Bb4 34. Bxe4 Rxe4
35. Kg3 h5 36. gxh5 gxh5 37. Kf3 Re8 38. Rg2+ Bg4+ 39. Kf2 Bd2 40. Ra1 Bxe3+
41. Kg3 Bd4 42. Rb1 Re3+ 43. Kh2 0-1

[Event "Tournoi des pays de l'OTAN 2012"]
[Site "BREST (France)"]
[Date "2012.10.04"]
[Round "5.39"]
[White "Langer, Herb"]
[Black "Ross, David"]
[Result "1-0"]
[WhiteElo "1773"]
[BlackElo "1810"]
[PlyCount "79"]
[EventDate "2012.??.??"]

1. d4 Nf6 2. e3 e6 3. Bd3 c5 4. c3 d5 5. Nd2 Be7 6. f4 b6 7. Ngf3 Ng4 8. Qe2 f5
9. O-O O-O 10. Ne5 Nf6 11. Ndf3 Ne4 12. Bd2 c4 13. Bc2 Qe8 14. Be1 Nd7 15. Ba4
a6 16. Bc6 Ra7 17. Bh4 Bd6 18. Rac1 Qh5 19. Qe1 Rc7 20. Ba4 Ndf6 21. Bd1 Qe8
22. Ng5 b5 23. Nxe4 Nxe4 24. Bf3 a5 25. a3 Ba6 26. Kh1 b4 27. axb4 axb4 28. Ra1
bxc3 29. bxc3 Bb5 30. Bxe4 fxe4 31. Rf2 Qb8 32. Rfa2 Rb7 33. h3 Qc7 34. Qg3 Be8
35. Qg4 Rf5 36. Ra8 Rb8 37. R1a7 Bh5 38. Rxb8+ Bf8 39. Rxc7 Bxg4 40. hxg4 1-0

[Event "Tournoi des pays de l'OTAN 2012"]
[Site "BREST (France)"]
[Date "2012.10.04"]
[Round "5.40"]
[White "Rosseel, Kimball"]
[Black "Langelier, Frederic"]
[Result "1-0"]
[WhiteElo "1786"]
[BlackElo "1281"]
[PlyCount "81"]
[EventDate "2012.??.??"]

1. d4 c6 2. Nf3 d5 3. e3 Bf5 4. Bd3 Bxd3 5. Qxd3 Nd7 6. O-O Ngf6 7. b3 e6 8.
Bb2 Bd6 9. c4 dxc4 10. bxc4 c5 11. Nbd2 h6 12. e4 Bf4 13. Nb3 Qc7 14. g3 O-O-O
15. gxf4 Qxf4 16. Nfd2 Ng4 17. Qg3 Qg5 18. e5 cxd4 19. f4 Qf5 20. Bxd4 h5 21.
h3 Rh6 22. Bxa7 Qg6 23. hxg4 hxg4 24. Kf2 Rh3 25. Qg1 g3+ 26. Ke2 Qg4+ 27. Rf3
Rh2+ 28. Ke3 Rdh8 29. Qxg3 R8h4 30. Qxg4 Rxg4 31. Ne4 Rgg2 32. Nd4 Re2+ 33.
Nxe2 f5 34. Nd6+ Kc7 35. Nd4 Kd8 36. Nxe6+ Ke7 37. Nxg7 Rg2 38. Ngxf5+ Ke6 39.
Rg3 Rxg3+ 40. Nxg3 b6 41. Rh1 1-0

[Event "Tournoi des pays de l'OTAN 2012"]
[Site "BREST (France)"]
[Date "2012.10.04"]
[Round "6.1"]
[White "Drabke, Lorenz Maximilian"]
[Black "Wantiez, Fabrice"]
[Result "1/2-1/2"]
[WhiteElo "2411"]
[BlackElo "2337"]
[PlyCount "55"]
[EventDate "2012.??.??"]

1. e4 e5 2. Bc4 Nf6 3. d3 Nc6 4. Nf3 Be7 5. O-O d6 6. c3 O-O 7. Bb3 Na5 8. Bc2
c5 9. h3 Qc7 10. Re1 Re8 11. a3 a6 12. b4 Nc6 13. Be3 d5 14. exd5 Nxd5 15. Bxc5
Bxc5 16. bxc5 Bf5 17. Bb3 Nf4 18. d4 exd4 19. cxd4 Qd7 20. Rxe8+ Rxe8 21. Nc3
Nxh3+ 22. gxh3 Bxh3 23. Kh2 Qg4 24. Qh1 Qh5 25. Kg3 Qg4+ 26. Kh2 Qh5 27. Kg3
Qg4+ 28. Kh2 1/2-1/2

[Event "Tournoi des pays de l'OTAN 2012"]
[Site "BREST (France)"]
[Date "2012.10.04"]
[Round "6.2"]
[White "Rosenkilde, Alexander"]
[Black "Sypien, Mateusz"]
[Result "1/2-1/2"]
[WhiteElo "2260"]
[BlackElo "2269"]
[PlyCount "55"]
[EventDate "2012.??.??"]

1. d4 g6 2. c4 Bg7 3. e4 c5 4. d5 d6 5. Be2 Nf6 6. Nc3 O-O 7. Nf3 b5 8. cxb5 a6
9. a4 axb5 10. Bxb5 Na6 11. O-O Nb4 12. Nd2 Ba6 13. Bxa6 Rxa6 14. Nc4 Qa8 15.
Bg5 h6 16. Bxf6 Bxf6 17. Nb5 Qb7 18. Rb1 Bg7 19. b3 Qd7 20. Qd2 f5 21. f3 f4
22. Rfe1 g5 23. Kh1 Rb8 24. Nc3 Rd8 25. Rbd1 Bd4 26. Nb5 Bg7 27. Nc3 Bd4 28.
Nb5 1/2-1/2

[Event "Tournoi des pays de l'OTAN 2012"]
[Site "BREST (France)"]
[Date "2012.10.04"]
[Round "6.3"]
[White "Michalski, Daniel"]
[Black "Alaslar, Devrim"]
[Result "1/2-1/2"]
[WhiteElo "2154"]
[BlackElo "2153"]
[PlyCount "115"]
[EventDate "2012.??.??"]

1. c4 f5 2. Nf3 Nf6 3. b3 d6 4. d4 g6 5. Bb2 Bg7 6. g3 O-O 7. Bg2 e6 8. O-O h6
9. Nbd2 g5 10. Ne1 d5 11. Nd3 c6 12. Nf3 Nbd7 13. Qc2 Re8 14. Nfe5 Nxe5 15.
Nxe5 Nd7 16. f4 Nf6 17. Rad1 Ne4 18. Bxe4 dxe4 19. Qc1 Bf6 20. c5 Kg7 21. Kh1
g4 22. Kg2 Rg8 23. Rh1 Bd7 24. Nc4 Qe7 25. Nd6 Be8 26. e3 Bg6 27. Nc4 Rgd8 28.
Qc2 Kh7 29. a4 Bg7 30. b4 Be8 31. Nd6 a6 32. Ra1 Rxd6 33. cxd6 Qxd6 34. Qc5 Rd8
35. Qxd6 Rxd6 36. Kf2 Rd5 37. Rhc1 Kg6 38. Ba3 Rd8 39. Ra2 h5 40. Rac2 Bf8 41.
Rb1 Be7 42. Bc1 Bd6 43. Bd2 Kf6 44. Ke1 Bd7 45. Kd1 Rg8 46. Be1 Rd8 47. Kc1 Kf7
48. Kb2 Ra8 49. Kb3 Kf6 50. Bc3 Kf7 51. h3 Rg8 52. Rh1 Ke7 53. hxg4 Rxg4 54.
Rxh5 Rxg3 55. Re2 Kd8 56. Rh7 b6 57. Bd2 Bxf4 58. Kb2 1/2-1/2